Deprivation needs new definition (Record no. 71122)

MARC details
000 -LEADER
fixed length control field 00872cam a2200217 4500
001 - CONTROL NUMBER
control field WB3833-14
008 - FIXED-LENGTH DATA ELEMENTS--GENERAL INFORMATION
fixed length control field 020910n2002 000 0 eng u
035 ## - SYSTEM CONTROL NUMBER
System control number (Sirsi) u119645
245 ## - TITLE STATEMENT
Title Deprivation needs new definition
260 ## - PUBLICATION, DISTRIBUTION, ETC.
Date of publication, distribution, etc. 2002
490 ## - SERIES STATEMENT
Series statement Urban Environment Today
Volume/sequential designation 5 September 2002, 4 (1)
520 ## - SUMMARY, ETC.
Summary, etc. "Poor measures", a new report by the Social Market Foundation asserts that England's indices of local deprivation are flawed and need to be revised using a basic household costs approach. The indices are a key tool in identifying where renewal funds are directed. Executive summary of the report is available at http://www.smf.co.uk/poor_measures.html
590 ## - LOCAL NOTE (RLIN)
Local note WB
650 ## - SUBJECT ADDED ENTRY--TOPICAL TERM
Topical term or geographic name entry element DEPRIVATION
650 ## - SUBJECT ADDED ENTRY--TOPICAL TERM
Topical term or geographic name entry element BASIC HOUSEHOLD COSTS
650 ## - SUBJECT ADDED ENTRY--TOPICAL TERM
Topical term or geographic name entry element URBAN RENEWAL
650 ## - SUBJECT ADDED ENTRY--TOPICAL TERM
Topical term or geographic name entry element RENEWAL
650 ## - SUBJECT ADDED ENTRY--TOPICAL TERM
Topical term or geographic name entry element POVERTY
690 ## - LOCAL SUBJECT ADDED ENTRY--TOPICAL TERM (OCLC, RLIN)
Topical term or geographic name as entry element HOUSING
942 ## - ADDED ENTRY ELEMENTS (KOHA)
Suppress in OPAC 0
Holdings
Withdrawn status Lost status Source of classification or shelving scheme Damaged status Not for loan Home library Current library Shelving location Date acquired Total Checkouts Full call number Barcode Date last seen Copy number Price effective from Koha item type
    Dewey Decimal Classification     London London News article 10/09/2002   WB3833-14 119645-1001 06/08/2019 1 06/08/2019 News article